| 000 | 00382nam a2200145Ia 4500 | ||
|---|---|---|---|
| 008 | 240624s9999 xx 000 0 und d | ||
| 041 | _aeng | ||
| 082 | _a332 .01 WIL | ||
| 100 | _aWILLIAMS R J | ||
| 245 | _aINTRODUCTION TO THE MATHEMATICS OF FINAN | ||
| 250 | _ae 72 | ||
| 260 |
_c2011 _aHyderabad _bUniversities Press |
||
| 300 | _aviii, : 150 : p. : cm. ; 24 | ||
| 365 |
_cRS _b25 |
||
| 999 |
_c19625 _d19625 |
||